| 000 | 01047nam0a22002771 4500 | ||
|---|---|---|---|
| 001 | rc\1134213 | ||
| 005 | 20250622191426.0 | ||
| 035 | _a(NLR Aleph) 006375246 | ||
| 090 |
_a5035021 _c5035021 |
||
| 100 | _a20041126d1980 |||y0rusy50 ca | ||
| 101 | 0 | _arus | |
| 102 | _aRU | ||
| 105 | _ay ||||||||| | ||
| 200 | 1 |
_aО командировке в Канаду [для участия в работе VI Международной конференции по теплообмену, г. Торонто, 7-11 августа 1978 г.] _fЧл.-кор. АН СССР Р.И. Солоухин |
|
| 210 |
_aМ. _cВИНИТИ _d1980 |
||
| 215 |
_a16 с. _d22 |
||
| 300 | _aВ надзаг.: АН СССР, ВИНИТИ | ||
| 320 | _aБиблиогр.: с. 11-12 | ||
| 333 | _aДСП. Экз. № 5 | ||
| 700 | 1 |
_7ca _8rus _aСолоухин _bР.И. _f1930-1988 _gРем Иванович _9210171 _3RU\NLR\AUTH\770210225 |
|
| 801 | 0 |
_aRU _bNLR _gpsbo |
|
| 801 | 1 |
_aRU _bELAR _2rusmarc |
|
| 852 |
_aNLR _j80-50К/802 |
||
| 942 | _cBOOK | ||
| 980 | _aNB | ||